[Event "Cto Aragon Equipos Pref Gr I "]
[Site "Aragon"]
[Date "2018.02.24"]
[Round "5.38"]
[White "Alsina Franco, Sergio"]
[Black "Gutierrez Mingueza, Ruben"]
[Result "1/2-1/2"]
[WhiteElo "1857"]
[BlackElo "2080"]
[PlyCount "41"]
[EventDate "2018.??.??"]
[EventType "tourn"]
[EventRounds "9"]
[EventCountry "ESP"]
[WhiteTeam "Fraga"]
[BlackTeam "San Jose"]

1. e4 c5 2. c3 Nf6 3. e5 Nd5 4. d4 cxd4 5. Qxd4 e6 6. Nf3 d6 7. g3 Nc6 8. Qe4
Bd7 9. Bg2 Qc7 10. exd6 Bxd6 11. O-O O-O 12. Rd1 Rfd8 13. c4 Nf6 14. Qe2 Be8
15. Nc3 a6 16. b3 Bc5 17. Be3 Bxe3 18. Qxe3 Rxd1+ 19. Rxd1 Rd8 20. h3 Rxd1+ 21.
Nxd1 1/2-1/2

[Event "Cto Aragon Equipos Pref Gr I "]
[Site "Aragon"]
[Date "2018.02.24"]
[Round "5.39"]
[White "Ferreruela Romero, Jose Joaquin"]
[Black "Casas Chine, German"]
[Result "1-0"]
[WhiteElo "2021"]
[BlackElo "1793"]
[PlyCount "57"]
[EventDate "2018.??.??"]
[EventType "tourn"]
[EventRounds "9"]
[EventCountry "ESP"]
[WhiteTeam "San Jose"]
[BlackTeam "Fraga"]

1. d4 Nf6 2. Bg5 g6 3. Bxf6 exf6 4. g3 Bg7 5. e3 O-O 6. Bg2 d5 7. Ne2 f5 8. O-O
c6 9. Nd2 Nd7 10. c4 Nf6 11. cxd5 Nxd5 12. Nc3 Be6 13. Nb3 Nxc3 14. bxc3 Bd5
15. Rc1 Bxg2 16. Kxg2 h5 17. h4 Re8 18. Qf3 Bf6 19. c4 Rc8 20. c5 Re4 21. Nd2
Rg4 22. Rh1 Bxh4 23. Nc4 Bf6 24. Nd6 Rc7 25. Rb1 Qe7 26. a4 h4 27. e4 hxg3 28.
exf5 gxf5 29. Nxf5 1-0

[Event "Cto Aragon Equipos Pref Gr I "]
[Site "Aragon"]
[Date "2018.02.24"]
[Round "5.40"]
[White "Barbe Pozas, Saturnino"]
[Black "Palomar Ramon, Santiago"]
[Result "0-1"]
[WhiteElo "1731"]
[BlackElo "1914"]
[PlyCount "90"]
[EventDate "2018.??.??"]
[EventType "tourn"]
[EventRounds "9"]
[EventCountry "ESP"]
[WhiteTeam "Fraga"]
[BlackTeam "San Jose"]

1. d4 d5 2. c4 e6 3. Nc3 Nf6 4. Bg5 c5 5. e3 cxd4 6. exd4 Bb4 7. Nf3 O-O 8. Bd3
dxc4 9. Bxc4 Nbd7 10. O-O h6 11. Bh4 Qa5 12. Qd3 b6 13. Rfe1 Qh5 14. Bxf6 gxf6
15. Re4 f5 16. Rh4 Qg6 17. Qe3 Kh7 18. Rh3 Bb7 19. Qf4 Nf6 20. Ng5+ Kg7 21.
Nxe6+ fxe6 22. Rg3 Ng4 23. h3 Qg5 24. Qxg5+ hxg5 25. hxg4 f4 26. Rd3 Bxc3 27.
Rxc3 Kf6 28. Re1 Rfe8 29. Bb3 Rac8 30. Rxc8 Bxc8 31. d5 e5 32. f3 e4 33. fxe4
Bxg4 34. Kf2 Ke5 35. Rc1 Re7 36. Ba4 Rh7 37. Rc6 Rh2 38. Rg6 Kxe4 39. Rxg5 Bc8
40. Rg8 Ba6 41. d6 Rh1 42. Bc6+ Ke5 43. Re8+ Kxd6 44. Kf3 Rf1+ 45. Kg4 Kxc6 0-1

[Event "Cto Aragon Equipos Pref Gr I "]
[Site "Aragon"]
[Date "2018.02.24"]
[Round "5.41"]
[White "Pellicer Cerezuela, Miguel"]
[Black "Malo Guillen, Jose Luis"]
[Result "1/2-1/2"]
[WhiteElo "2000"]
[BlackElo "2113"]
[PlyCount "131"]
[EventDate "2018.??.??"]
[EventType "tourn"]
[EventRounds "9"]
[EventCountry "ESP"]
[WhiteTeam "L'Aurora Estadilla"]
[BlackTeam "Las Fuentes"]

1. d4 d5 2. Nf3 c5 3. e3 Nc6 4. b3 Nf6 5. Bb2 cxd4 6. exd4 e6 7. Bd3 Bd6 8. O-O
O-O 9. Re1 b6 10. Ne5 Bb7 11. a3 Ne7 12. Nd2 Ng6 13. c4 dxc4 14. Ndxc4 Be7 15.
Nxg6 hxg6 16. Qe2 Qd5 17. f3 Qh5 18. Ne5 Bd6 19. f4 Rac8 20. Qxh5 Nxh5 21. g3
Bd5 22. Nc4 Be7 23. a4 Nf6 24. Rec1 Rfd8 25. Nd2 Bb4 26. Rxc8 Rxc8 27. Nc4 Ne4
28. Rd1 Nd6 29. Rc1 Nf5 30. Bxf5 gxf5 31. Kf2 f6 32. Ke3 Kh7 33. Bc3 Be7 34.
Bd2 g5 35. Kd3 Be4+ 36. Kc3 Kh6 37. b4 Kh5 38. Kb2 Bd5 39. Na3 Rxc1 40. Kxc1
Bb3 41. Nb5 Bxa4 42. Nxa7 Bd7 43. b5 Bd6 44. Be3 gxf4 45. gxf4 Kg4 46. d5 Bxf4
47. Bxf4 Kxf4 48. dxe6 Bxe6 49. Kd2 Kf3 50. Nc6 Kg2 51. Nd4 Bd7 52. h4 f4 53.
h5 f3 54. h6 f2 55. h7 f1=Q 56. h8=Q Qf4+ 57. Kc3 Qe3+ 58. Kc4 Be6+ 59. Nxe6
Qxe6+ 60. Kd3 Qd5+ 61. Ke3 Qxb5 62. Qxf6 Qb3+ 63. Ke4 b5 64. Qg5+ Kf1 65. Qd2
b4 66. Qd3+ 1/2-1/2

[Event "Cto Aragon Equipos Pref Gr I "]
[Site "Aragon"]
[Date "2018.02.24"]
[Round "5.42"]
[White "Alonso Blasco, Jose Miguel"]
[Black "Felez Casedas, Carlos"]
[Result "1/2-1/2"]
[WhiteElo "1949"]
[BlackElo "1998"]
[PlyCount "48"]
[EventDate "2018.??.??"]
[EventType "tourn"]
[EventRounds "9"]
[EventCountry "ESP"]
[WhiteTeam "Las Fuentes"]
[BlackTeam "L'Aurora Estadilla"]

1. e4 e5 2. Nf3 Nf6 3. Nxe5 d6 4. Nf3 Nxe4 5. d4 d5 6. Bd3 Nc6 7. O-O Bg4 8.
Re1 Be7 9. c3 f5 10. Nbd2 O-O 11. Qb3 Nxd2 12. Nxd2 Qd6 13. Nf1 f4 14. f3 Bh4
15. Rd1 Bh5 16. Qc2 h6 17. Bd2 Rae8 18. Be1 Qf6 19. Bxh4 Qxh4 20. Qf2 Qf6 21.
Re1 Bg6 22. Bxg6 Qxg6 23. Rxe8 Rxe8 24. Re1 Re6 1/2-1/2

[Event "Cto Aragon Equipos Pref Gr I "]
[Site "Aragon"]
[Date "2018.02.24"]
[Round "5.43"]
[White "Pellicer Cemeli, Jose Luis"]
[Black "Morato Garcia, Jesus"]
[Result "1-0"]
[WhiteElo "1969"]
[BlackElo "1914"]
[PlyCount "135"]
[EventDate "2018.??.??"]
[EventType "tourn"]
[EventRounds "9"]
[EventCountry "ESP"]
[WhiteTeam "L'Aurora Estadilla"]
[BlackTeam "Las Fuentes"]

1. d4 Nf6 2. c4 e6 3. Nc3 Bb4 4. Qb3 Nc6 5. Nf3 d5 6. cxd5 exd5 7. Bg5 O-O 8.
e3 Be6 9. Bd3 h6 10. Bh4 a6 11. O-O Be7 12. Rac1 Na5 13. Qa4 Nc4 14. Bb1 Ng4
15. Qc2 g6 16. Bxe7 Qxe7 17. g3 c6 18. Nh4 Qg5 19. Qe2 Nf6 20. b3 Nd6 21. f3
Bh3 22. Rf2 Rae8 23. Re1 Nh5 24. f4 Qe7 25. Bxg6 Nf6 26. Bh5 Kh8 27. Bf3 Rg8
28. Kh1 Bg4 29. Ng2 Nde4 30. Nxe4 Nxe4 31. Rff1 Bh3 32. Bxe4 Qxe4 33. Qf3 Qe6
34. f5 Qf6 35. Qh5 Bg4 36. Qh4 Qd6 37. Nf4 Re4 38. f6 Kh7 39. h3 Bf5 40. g4 Bd7
41. Nd3 Bxg4 42. Nf4 Bf5 43. Rg1 Ree8 44. Rg3 Be4+ 45. Kh2 Rxg3 46. Kxg3 Rg8+
47. Kf2 Qa3 48. Qh5 Bg6 49. Qe2 Be4 50. Rg1 Rxg1 51. Kxg1 Qc1+ 52. Kf2 Qh1 53.
Qg4 Qh2+ 54. Ke1 Qh1+ 55. Kd2 Qh2+ 56. Kc3 Qc2+ 57. Kb4 Qd2+ 58. Ka3 Qc1+ 59.
Kb4 a5+ 60. Kxa5 Qa3+ 61. Kb6 Qb4+ 62. Kc7 Qa5+ 63. Kd7 Bg6 64. Nxg6 fxg6 65.
Qe6 h5 66. f7 Qb4 67. Qe7 c5 68. f8=Q# 1-0

[Event "Cto Aragon Equipos Pref Gr I "]
[Site "Aragon"]
[Date "2018.02.24"]
[Round "5.44"]
[White "Roman Gimeno, Javier"]
[Black "Puertolas Serena, Arturo"]
[Result "1/2-1/2"]
[WhiteElo "1896"]
[BlackElo "1837"]
[PlyCount "44"]
[EventDate "2018.??.??"]
[EventType "tourn"]
[EventRounds "9"]
[EventCountry "ESP"]
[WhiteTeam "Las Fuentes"]
[BlackTeam "L'Aurora Estadilla"]

1. d4 d5 2. Nf3 c6 3. Bf4 e6 4. e3 f5 5. c4 Nf6 6. h3 Be7 7. Be2 O-O 8. Nc3 Ne4
9. Ne5 Nd7 10. O-O Nxe5 11. Bxe5 Bd6 12. f4 Bxe5 13. fxe5 Bd7 14. Nxe4 fxe4 15.
Rxf8+ Qxf8 16. Qd2 Qe7 17. Rf1 Qg5 18. c5 Rf8 19. Rxf8+ Kxf8 20. Bg4 Ke7 21.
Qf2 Be8 22. Kf1 Bh5 1/2-1/2

[Event "Cto Aragon Equipos Pref Gr I "]
[Site "Aragon"]
[Date "2018.02.24"]
[Round "5.46"]
[White "Miranda Garcia, Eduardo"]
[Black "Monter Solans, Juan"]
[Result "1/2-1/2"]
[WhiteElo "1810"]
[BlackElo "1794"]
[PlyCount "71"]
[EventDate "2018.??.??"]
[EventType "tourn"]
[EventRounds "9"]
[EventCountry "ESP"]
[WhiteTeam "Monsalud-Soluzion"]
[BlackTeam "Monzon B"]

1. e4 e5 2. Nf3 Nc6 3. Bc4 d6 4. O-O Be7 5. Nc3 Nf6 6. d3 O-O 7. Bg5 Bg4 8. h3
Bxf3 9. Qxf3 Nxe4 10. Nxe4 Bxg5 11. Nxg5 Qxg5 12. Bd5 Na5 13. Bxb7 Nxb7 14.
Qxb7 Rab8 15. Qxc7 Rxb2 16. Qxd6 Rxc2 17. a4 Qd2 18. Rad1 Qa5 19. Ra1 Qd2 20.
Rad1 Qa5 21. Qd7 h6 22. Qf5 Qxa4 23. Qxe5 Re8 24. Qg3 Ree2 25. Ra1 Qd4 26. Qb8+
Kh7 27. Qxa7 Qxa7 28. Rxa7 Kg6 29. Rd7 Red2 30. Rd6+ f6 31. g4 Rc3 32. Kg2
Rcxd3 33. Rxd3 Rxd3 34. f4 h5 35. Re1 hxg4 36. hxg4 1/2-1/2

[Event "Cto Aragon Equipos Pref Gr I "]
[Site "Aragon"]
[Date "2018.02.24"]
[Round "5.47"]
[White "Sanroman Lopez, Julian"]
[Black "Miranda Herrera, Miguel"]
[Result "1/2-1/2"]
[WhiteElo "1760"]
[BlackElo "1722"]
[PlyCount "138"]
[EventDate "2018.??.??"]
[EventType "tourn"]
[EventRounds "9"]
[EventCountry "ESP"]
[WhiteTeam "Monzon B"]
[BlackTeam "Monsalud-Soluzion"]

1. c4 c5 2. b3 b6 3. Bb2 Bb7 4. Nc3 e5 5. e4 Nf6 6. d3 Be7 7. Be2 Nc6 8. Nf3
O-O 9. O-O d6 10. Nd5 Nd4 11. Nxd4 cxd4 12. Nxe7+ Qxe7 13. f4 Nd7 14. Bg4 Rad8
15. f5 Nf6 16. a4 Nxg4 17. Qxg4 f6 18. Rf3 Rd7 19. Rh3 Qf7 20. Qh4 h6 21. Bc1
Rfd8 22. Bxh6 gxh6 23. Qxh6 Qh7 24. Rg3+ Rg7 25. Qxf6 Rdd7 26. Qe6+ Kf8 27. Rf3
Rge7 28. Qf6+ Rf7 29. Qe6 Bc8 30. a5 Rd8 31. Qd5 Bb7 32. Qb5 bxa5 33. Rxa5 a6
34. Qb6 Qh4 35. g3 Qe7 36. Qb4 Qf6 37. c5 dxc5 38. Rxc5 Rd6 39. g4 Rfd7 40. Qd2
Rh7 41. g5 Rg7 42. Rg3 Qd8 43. f6 Rc7 44. Qa5 Bc6 45. Rxe5 Bb5 46. Qa3 Kf7 47.
h4 Qc8 48. Qxd6 Rc1+ 49. Kh2 Rh1+ 50. Kxh1 Qc1+ 51. Kh2 Qd2+ 52. Rg2 Qf4+ 53.
Kg1 Qc1+ 54. Kf2 Qe3+ 55. Kf1 Bxd3+ 56. Re2 Qxe2+ 57. Kg1 Qe3+ 58. Kh2 Qf4+ 59.
Kh3 Qf3+ 60. Kh2 Qf2+ 61. Kh3 Bf1+ 62. Kg4 Qe2+ 63. Kg3 Qg2+ 64. Kf4 Qf2+ 65.
Kg4 Be2+ 66. Kh3 Qf3+ 67. Kh2 Qf2+ 68. Kh3 Bf1+ 69. Kg4 Be2+ 1/2-1/2

[Event "Cto Aragon Equipos Pref Gr I "]
[Site "Aragon"]
[Date "2018.02.24"]
[Round "5.48"]
[White "Moreno Monterde, Eva"]
[Black "Rodriguez Aranda, Kevin"]
[Result "1/2-1/2"]
[WhiteElo "1404"]
[BlackElo "1734"]
[PlyCount "59"]
[EventDate "2018.??.??"]
[EventType "tourn"]
[EventRounds "9"]
[EventCountry "ESP"]
[WhiteTeam "Monsalud-Soluzion"]
[BlackTeam "Monzon B"]

1. e4 e5 2. Nf3 d6 3. Bc4 Bg4 4. O-O Be7 5. Nc3 Nf6 6. d3 O-O 7. Bg5 h6 8. Bh4
Nxe4 9. Bxe7 Nxc3 10. Bxd8 Nxd1 11. Raxd1 Bxf3 12. gxf3 Rxd8 13. Kh1 Nd7 14.
Rg1 Nf6 15. Rg3 d5 16. Bb3 c6 17. Rdg1 g6 18. c3 Nh5 19. Rg4 Nf4 20. d4 f6 21.
dxe5 fxe5 22. h4 Rd6 23. h5 g5 24. Re1 Nxh5 25. Rxe5 Nf4 26. Rg1 Rad8 27. Rge1
Nd3 28. Re8+ Rxe8 29. Rxe8+ Kf7 30. Re2 1/2-1/2

[Event "Cto Aragon Equipos Pref Gr I "]
[Site "Aragon"]
[Date "2018.02.24"]
[Round "5.49"]
[White "Carruez Gracia, Eduardo"]
[Black "Sarto Ramos, Angel"]
[Result "0-1"]
[WhiteElo "2024"]
[BlackElo "1937"]
[PlyCount "77"]
[EventDate "2018.??.??"]
[EventType "tourn"]
[EventRounds "9"]
[EventCountry "ESP"]
[WhiteTeam "Agrupacion C"]
[BlackTeam "El Olivar C"]

1. e4 e6 2. d4 d5 3. Bd3 dxe4 4. Bxe4 Nf6 5. Bf3 c6 6. Ne2 Qc7 7. O-O Bd6 8. h3
Nbd7 9. c4 e5 10. Nbc3 exd4 11. Nxd4 Ne5 12. Re1 O-O 13. Bg5 Nxf3+ 14. Qxf3 Nd7
15. Ne4 Ne5 16. Qc3 Ng6 17. Nxd6 Qxd6 18. Rad1 Qc5 19. Qg3 f6 20. Bc1 Qxc4 21.
h4 Qc5 22. b4 Qh5 23. Qb3+ Kh8 24. g3 Ne5 25. Bf4 Bg4 26. Rc1 Nf3+ 27. Nxf3
Bxf3 28. Re3 Bd5 29. Qb2 Rae8 30. Bd6 Rxe3 31. fxe3 Qf3 32. Kh2 Re8 33. Bf4 h5
34. Rg1 Kh7 35. Qb1+ Be4 36. Qb2 Rd8 37. g4 hxg4 38. Bg3 Qxe3 39. Qf2 0-1

[Event "Cto Aragon Equipos Pref Gr I "]
[Site "Aragon"]
[Date "2018.02.24"]
[Round "5.50"]
[White "Labrador Postigo, Francisco M"]
[Black "Carruez Berges, Fernando"]
[Result "0-1"]
[WhiteElo "1901"]
[BlackElo "1981"]
[PlyCount "138"]
[EventDate "2018.??.??"]
[EventType "tourn"]
[EventRounds "9"]
[EventCountry "ESP"]
[WhiteTeam "El Olivar C"]
[BlackTeam "Agrupacion C"]

1. d4 Nf6 2. Bf4 g6 3. e3 Bg7 4. Nf3 Nh5 5. Be5 Nf6 6. h3 d6 7. Bh2 O-O 8. Nbd2
Nfd7 9. c3 e5 10. dxe5 dxe5 11. e4 Qe7 12. Bc4 Nc6 13. O-O Nf6 14. Re1 Nh5 15.
Bf1 Nf4 16. Nc4 Rd8 17. Qc2 Qf6 18. Rad1 Be6 19. Ne3 Nxh3+ 20. Kh1 Nf4 21. b3
Rxd1 22. Qxd1 Rd8 23. Qc2 Bf8 24. b4 a6 25. a4 h5 26. b5 axb5 27. axb5 Ne7 28.
c4 c6 29. Rb1 g5 30. bxc6 bxc6 31. Qc3 Bg7 32. Qa5 Neg6 33. Qc5 g4 34. Ne1 Ne7
35. Rb7 Bf8 36. Kg1 Nf5 37. Qxc6 Nd4 38. Qc7 Nfe2+ 39. Bxe2 Nxe2+ 40. Kf1 g3
41. Bg1 gxf2 42. Bxf2 Ng3+ 43. Kg1 Nxe4 44. Rb2 Rc8 45. Qb7 Nxf2 46. Rxf2 Qg5
47. N1c2 Bc5 48. Rf3 Rd8 49. Kh2 h4 50. Nd5 e4 51. Nf6+ Kg7 52. Nxe4 Qe5+ 53.
g3 Rd7 54. Qc6 Be7 55. Kg2 h3+ 56. Kh2 f5 57. Nf2 Rc7 58. Qb6 Rxc4 59. Re3 Qc5
60. Qxc5 Bxc5 61. Rxe6 Rxc2 62. Kxh3 Rxf2 63. Rc6 Be7 64. Re6 Bf6 65. Rc6 Kg6
66. Ra6 Kg5 67. Rc6 Re2 68. Ra6 Re3 69. Ra4 Be5 0-1

[Event "Cto Aragon Equipos Pref Gr I "]
[Site "Aragon"]
[Date "2018.02.24"]
[Round "5.51"]
[White "Manguez Tomas, Andres"]
[Black "Hernandez Delgado, Gabriel"]
[Result "0-1"]
[WhiteElo "1939"]
[BlackElo "1853"]
[PlyCount "148"]
[EventDate "2018.??.??"]
[EventType "tourn"]
[EventRounds "9"]
[EventCountry "ESP"]
[WhiteTeam "Agrupacion C"]
[BlackTeam "El Olivar C"]

1. d4 c5 2. d5 g6 3. c4 Bg7 4. Nc3 Bxc3+ 5. bxc3 f5 6. Nf3 Qa5 7. Qc2 Nf6 8. e3
d6 9. Bb2 Nbd7 10. Bd3 Nb6 11. Nd2 Bd7 12. e4 fxe4 13. Bxe4 Nxe4 14. Qxe4 Bf5
15. Qe2 Na4 16. Nb3 Qa6 17. O-O Nxb2 18. Rfe1 e5 19. Qxb2 O-O 20. Nd2 Bd3 21.
Qb5 Qxb5 22. cxb5 Bxb5 23. Ne4 Rad8 24. a4 Bd3 25. Ng5 Bf5 26. a5 h6 27. Nf3
Bd3 28. Nd2 Rf7 29. c4 Rf4 30. Rac1 g5 31. Rc3 Bg6 32. g3 Rd4 33. Nf3 Rd3 34.
Rxd3 Bxd3 35. Nd2 g4 36. Re3 Bg6 37. Kf1 Kg7 38. Ke2 Kf6 39. Rb3 Rb8 40. Nf1
Be4 41. Nd2 Bg2 42. Nb1 e4 43. Nc3 Ke5 44. a6 b6 45. Nb5 Ra8 46. Rb1 Rf8 47.
Nxa7 Kd4 48. Nc6+ Kxc4 49. a7 e3 50. fxe3 Bf3+ 51. Ke1 Bxd5 52. Rxb6 Ra8 53.
Na5+ Kc3 54. Rxd6 Rxa7 55. Rxd5 Rxa5 56. Rh5 Kd3 57. Rxh6 c4 58. Rd6+ Kxe3 59.
Re6+ Kf3 60. Rc6 Ke3 61. Kd1 Kd4 62. Rd6+ Rd5 63. Rb6 Kc3+ 64. Ke2 Re5+ 65. Kf2
Re4 66. Rc6 Kd3 67. Rd6+ Rd4 68. Re6 c3 69. Re3+ Kc4 70. Re2 Rd2 71. Rxd2 cxd2
72. Ke2 Kc3 73. Kd1 Kd3 74. h4 gxh3 0-1

[Event "Cto Aragon Equipos Pref Gr I "]
[Site "Aragon"]
[Date "2018.02.24"]
[Round "5.52"]
[White "De La Riva Fernandez, Eduardo"]
[Black "Serrat Claver, David"]
[Result "1/2-1/2"]
[WhiteElo "1825"]
[BlackElo "1910"]
[PlyCount "123"]
[EventDate "2018.??.??"]
[EventType "tourn"]
[EventRounds "9"]
[EventCountry "ESP"]
[WhiteTeam "El Olivar C"]
[BlackTeam "Agrupacion C"]

1. e4 e5 2. Nc3 Nf6 3. f4 d5 4. fxe5 Nxe4 5. d3 Nxc3 6. bxc3 d4 7. Nf3 Nc6 8.
cxd4 Bb4+ 9. Bd2 Bxd2+ 10. Qxd2 Nxd4 11. Be2 Nxf3+ 12. Bxf3 Qd4 13. c3 Qxe5+
14. Kf2 O-O 15. Rae1 Qf6 16. Rhf1 Bg4 17. Kg1 Bxf3 18. Rxf3 Qb6+ 19. Kh1 Rae8
20. Ref1 Re7 21. Qg5 f6 22. Qh4 Rfe8 23. h3 Qc6 24. Qd4 Re1 25. Qxa7 Rxf1+ 26.
Rxf1 Re2 27. Rf2 Re1+ 28. Kh2 Qd6+ 29. g3 Qc6 30. Rg2 Kf7 31. Qd4 Rc1 32. c4
Rd1 33. Qd5+ Qxd5 34. cxd5 Rxd3 35. Rc2 Rxd5 36. Rxc7+ Kg6 37. Rxb7 Rd2+ 38.
Kg1 Rxa2 39. Rb5 Rd2 40. Ra5 h5 41. h4 f5 42. Ra6+ Kh7 43. Ra4 Kh6 44. Rf4 Kg6
45. Ra4 Kh6 46. Rf4 Rd5 47. Kg2 g5 48. hxg5+ Kxg5 49. Kh3 Re5 50. Rf3 Re2 51.
Rf4 Re4 52. Rf3 h4 53. gxh4+ Rxh4+ 54. Kg3 f4+ 55. Kg2 Kg4 56. Ra3 Rh6 57. Kf2
Rh2+ 58. Kf1 Rb2 59. Rc3 Rb1+ 60. Kf2 Rb2+ 61. Kf1 f3 62. Rc8 1/2-1/2

[Event "Cto Aragon Equipos Pref Gr II"]
[Site "Aragon"]
[Date "2018.02.24"]
[Round "5.53"]
[White "Martinez Cebolla, Alberto"]
[Black "Garcia Morales, Roberto"]
[Result "1-0"]
[WhiteElo "2087"]
[BlackElo "2066"]
[PlyCount "93"]
[EventDate "2018.??.??"]
[EventType "tourn"]
[EventRounds "9"]
[EventCountry "ESP"]
[WhiteTeam "Ibercaja B"]
[BlackTeam "Agrupacion B"]

1. e4 e5 2. Nf3 Nc6 3. d4 exd4 4. Nxd4 Bc5 5. Be3 Qf6 6. c3 Nge7 7. g3 b6 8.
Bg2 O-O 9. O-O Ba6 10. Re1 Rad8 11. Qa4 Bb7 12. Nc2 d6 13. Bxc5 dxc5 14. Ne3
Rfe8 15. Qc2 Ba6 16. Qa4 Bd3 17. Nd2 a6 18. Nd5 Qd6 19. f4 c4 20. Kh1 Na5 21.
b4 cxb3 22. axb3 Bc2 23. Qa2 Nxd5 24. exd5 Bd3 25. c4 h6 26. Qa4 Re7 27. Rac1
Nb7 28. Qxa6 Nc5 29. Qa3 Bf5 30. Rxe7 Qxe7 31. Nf3 Qe3 32. Re1 Qc3 33. Qa7 Rd7
34. Qa8+ Kh7 35. Re8 Qc1+ 36. Re1 Qc3 37. Re8 Ne4 38. Rh8+ Kg6 39. Ne5+ Kf6 40.
Nxd7+ Bxd7 41. Qd8+ Kg6 42. Bxe4+ Bf5 43. Bxf5+ Kxf5 44. Qd7+ Kf6 45. Qc6+ Kf5
46. Qd7+ Kf6 47. Re8 1-0

[Event "Cto Aragon Equipos Pref Gr II"]
[Site "Aragon"]
[Date "2018.02.24"]
[Round "5.54"]
[White "Carruez Berges, Santiago"]
[Black "Millan Martin, Alfonso"]
[Result "0-1"]
[WhiteElo "2026"]
[BlackElo "1931"]
[PlyCount "52"]
[EventDate "2018.??.??"]
[EventType "tourn"]
[EventRounds "9"]
[EventCountry "ESP"]
[WhiteTeam "Agrupacion B"]
[BlackTeam "Ibercaja B"]

1. e4 d5 2. exd5 Qxd5 3. Nc3 Qd8 4. d4 Nf6 5. Nf3 Bg4 6. Bc4 e6 7. h3 Bxf3 8.
Qxf3 c6 9. Be3 Be7 10. O-O-O Nbd7 11. g4 Nb6 12. Bd3 Nbd5 13. Ne4 Nxe4 14. Bxe4
Nxe3 15. fxe3 Bh4 16. Kb1 O-O 17. Bd3 Qd5 18. Be4 Qg5 19. Rhf1 Rad8 20. Qe2 g6
21. Bf3 e5 22. Bg2 exd4 23. exd4 Qe7 24. Qf3 Rd6 25. Qa3 b6 26. Bxc6 Rxc6 0-1

[Event "Cto Aragon Equipos Pref Gr II"]
[Site "Aragon"]
[Date "2018.02.24"]
[Round "5.55"]
[White "Villalba Embid, Marcos"]
[Black "Garcia Valer, Jesus"]
[Result "1-0"]
[WhiteElo "1874"]
[BlackElo "1879"]
[PlyCount "73"]
[EventDate "2018.??.??"]
[EventType "tourn"]
[EventRounds "9"]
[EventCountry "ESP"]
[WhiteTeam "Ibercaja B"]
[BlackTeam "Agrupacion B"]

1. e4 e5 2. Nf3 d6 3. d4 exd4 4. Nxd4 Nf6 5. Nc3 Be7 6. g3 O-O 7. Bg2 Nbd7 8.
O-O Nc5 9. h3 c6 10. g4 Qc7 11. a4 Re8 12. g5 Nfd7 13. f4 Bf8 14. Nf5 Nb6 15.
Ng3 a5 16. Qf3 Na6 17. Nce2 Nc5 18. f5 Ncd7 19. Bf4 Ne5 20. Bxe5 dxe5 21. Nh5
Nc4 22. Qg3 Qb6+ 23. Kh1 Qe3 24. Qg4 Nd2 25. Rfe1 Qf2 26. Rg1 b6 27. Rad1 Rd8
28. Nf6+ gxf6 29. gxf6+ Kh8 30. Rxd2 Rxd2 31. Bf3 Qxg1+ 32. Nxg1 Ba6 33. Qh5
Rad8 34. Qxf7 Bh6 35. Qe7 R2d7 36. Qxe5 Be3 37. f7# 1-0

[Event "Cto Aragon Equipos Pref Gr II"]
[Site "Aragon"]
[Date "2018.02.24"]
[Round "5.56"]
[White "Lopez Guaita, Fernando"]
[Black "Carela Ferrer, Francisco Javie"]
[Result "1-0"]
[WhiteElo "1869"]
[BlackElo "1752"]
[PlyCount "89"]
[EventDate "2018.??.??"]
[EventType "tourn"]
[EventRounds "9"]
[EventCountry "ESP"]
[WhiteTeam "Agrupacion B"]
[BlackTeam "Ibercaja B"]

1. e4 c5 2. Nf3 g6 3. g3 Bg7 4. Bg2 Nc6 5. d3 d6 6. O-O Nf6 7. Nbd2 O-O 8. a4
Bg4 9. h3 Be6 10. Ng5 Bd7 11. f4 h6 12. Ngf3 d5 13. e5 Ne8 14. c3 Bf5 15. Qe2
Nc7 16. Rd1 Kh7 17. Nb3 b6 18. Be3 Bc8 19. d4 c4 20. Nbd2 Na5 21. g4 Bd7 22.
Rf1 Qe8 23. Qd1 Rb8 24. Qc2 e6 25. f5 exf5 26. Nh4 fxg4 27. hxg4 Bxg4 28. Rf2
Qe7 29. Ndf3 Nb3 30. Raf1 Ne6 31. Kh2 f5 32. exf6 Rxf6 33. Nxg6 Rxg6 34. Ne5
Bxe5+ 35. dxe5 Rf8 36. Rf6 Rfxf6 37. Rxf6 Nf8 38. Bf4 Kg7 39. Bxd5 Rxf6 40.
exf6+ Qxf6 41. Qf2 Na5 42. Kg3 h5 43. Bh6+ Qxh6 44. Qf7+ Kh8 45. Qg8# 1-0

[Event "Cto Aragon Equipos Pref Gr II"]
[Site "Aragon"]
[Date "2018.02.24"]
[Round "5.57"]
[White "Oms Pallisse, Josep"]
[Black "Veras Sanz, Marino"]
[Result "1-0"]
[WhiteElo "2431"]
[BlackElo "2090"]
[PlyCount "89"]
[EventDate "2018.??.??"]
[EventType "tourn"]
[EventRounds "9"]
[EventCountry "ESP"]
[WhiteTeam "Monzon A"]
[BlackTeam "El Olivar B"]

1. Nf3 d6 2. d4 g6 3. e4 Bg7 4. c4 Nd7 5. Nc3 Ngf6 6. Be2 e5 7. O-O O-O 8. Qc2
exd4 9. Nxd4 Re8 10. Rd1 Qe7 11. f3 c6 12. Bg5 h6 13. Bh4 Ne5 14. b4 Nd3 15.
Bf2 Nf4 16. Bf1 d5 17. exd5 cxd5 18. c5 Ne6 19. Ncb5 Nxd4 20. Bxd4 Rd8 21. Re1
Be6 22. Qb2 Ne8 23. Bxg7 Nxg7 24. Qe5 Ne8 25. Nd4 Nc7 26. b5 a6 27. b6 Nb5 28.
Nxe6 fxe6 29. Qxe6+ Qxe6 30. Rxe6 Kf7 31. Rae1 Rd7 32. Bd3 Re8 33. Bxg6+ Kg7
34. Bxe8 Rd8 35. Re7+ Kf8 36. Bxb5 axb5 37. Rxb7 Rc8 38. Ree7 Rxc5 39. Rh7 Rc1+
40. Kf2 Rc2+ 41. Kg3 Kg8 42. Rbg7+ Kf8 43. Rh8+ Kxg7 44. Rd8 Rxa2 45. b7 1-0

[Event "Cto Aragon Equipos Pref Gr II"]
[Site "Aragon"]
[Date "2018.02.24"]
[Round "5.58"]
[White "Gracia Campo, Carlos Alberto"]
[Black "Barranco Mananet, Fernando"]
[Result "1/2-1/2"]
[WhiteElo "2058"]
[BlackElo "2026"]
[PlyCount "52"]
[EventDate "2018.??.??"]
[EventType "tourn"]
[EventRounds "9"]
[EventCountry "ESP"]
[WhiteTeam "El Olivar B"]
[BlackTeam "Monzon A"]

1. e4 c5 2. Nf3 e6 3. d4 cxd4 4. Nxd4 Nc6 5. Bc4 a6 6. O-O Qc7 7. Nc3 Nf6 8.
Nxc6 bxc6 9. Qe2 d6 10. e5 dxe5 11. Re1 Be7 12. Qxe5 Qxe5 13. Rxe5 Nd5 14. Bb3
Bb7 15. Nxd5 cxd5 16. Ba4+ Kf8 17. c3 Rc8 18. Bd2 Bc6 19. Bxc6 Rxc6 20. Rae1
Bf6 21. R5e2 h6 22. Bf4 g5 23. Be5 Bxe5 24. Rxe5 Kg7 25. h4 Kg6 26. hxg5 hxg5
1/2-1/2

[Event "Cto Aragon Equipos Pref Gr II"]
[Site "Aragon"]
[Date "2018.02.24"]
[Round "5.59"]
[White "Hidalgo Gracia, Andres"]
[Black "Bailo Remacha, Santiago"]
[Result "1/2-1/2"]
[WhiteElo "1774"]
[BlackElo "1982"]
[PlyCount "72"]
[EventDate "2018.??.??"]
[EventType "tourn"]
[EventRounds "9"]
[EventCountry "ESP"]
[WhiteTeam "Monzon A"]
[BlackTeam "El Olivar B"]

1. c4 c5 2. Nc3 Nc6 3. g3 Nf6 4. Bg2 e6 5. e4 a6 6. Nge2 Be7 7. O-O O-O 8. d3
Rb8 9. a4 Nd4 10. Bf4 d6 11. e5 dxe5 12. Bxe5 Nxe2+ 13. Qxe2 Bd6 14. Rfd1 b6
15. d4 Qc7 16. Bxf6 gxf6 17. Qh5 Bb7 18. d5 Be5 19. Ne4 Bxb2 20. Rab1 Qe5 21.
Qxe5 Bxe5 22. Rxb6 Rfc8 23. Rdb1 exd5 24. cxd5 c4 25. Rxb7 Rxb7 26. Rxb7 f5 27.
Nd2 c3 28. Nb3 c2 29. Nc1 Rc4 30. Re7 Bb2 31. Re1 Rxa4 32. Bh3 f4 33. Bf5 fxg3
34. hxg3 Ra1 35. Bxc2 Rxc1 36. Rxc1 Bxc1 1/2-1/2